000 00669nam a2200241 i 4500
001 C2-0102209
003 PPAK
005 20180727100138.0
008 970601s1984 my a|||| ||||| | may d
040 _aPPAK
_beng
_cPPAK
_erda
082 0 4 _a899.2308
_223
090 0 0 _a899.2308
_bWAW
_dG
090 0 0 _a899.2308
_bWAW
_dKIH
245 0 0 _aWawancara sastera
264 1 _aKuala Lumpur :
_bDewan Bahasa dan Pustaka ,
_c1984
300 _axi, 367 pages :
_billustrations ;
_c22 cm
336 _2rdacontent
_atext
337 _2rdamedia
_aunmediated
338 _2rdacarrier
_avolume
650 1 0 _aMalay literature
700 0 _aA. M. Thani,
_ecompile
942 _ddc
_cB
999 _c23837
_d23837